000 00403nam a2200157Ia 4500
003 Ost
005 20260225132540.0
008 260225s9999||||xx |||||||||||||| ||und||
040 _cfsic
041 _afre
082 _a341.6
100 _aJean paul pancracio
_eAuteur
245 0 _aDroit international des espaces,air,mer,fleuves,terre et cosmos /
245 0 _cJean paul pancracio
942 _cكتاب
999 _c33443
_d33443